| 000 | 00602nam a2200193 4500 | ||
|---|---|---|---|
| 001 | 106910 | ||
| 003 | ES-MaACL | ||
| 005 | 20250826063140.0 | ||
| 007 | t| | ||
| 008 | 061121s1945 sp r ||||1| spa d | ||
| 100 | 1 |
_aMora y Maura, María de la _982895 |
|
| 245 | 1 | 0 |
_aMarichu de la Mora, condesa de Bureta / _cMaría de la Mora y Maura. |
| 260 |
_a[s.l.] : _bEditora Nacional, _c1945. |
||
| 300 |
_a292 p. ; _c17 cm. |
||
| 490 | 1 | _aBreviarios de la vida española | |
| 830 | 0 | 0 |
_aBreviarios de la vida española _9180821 |
| 852 |
_aES-MaACL _jE-2273 _bR.235 |
||
| 999 |
_c106910 _d106910 |
||